| 000 | 02320 a2200205 4500 | ||
|---|---|---|---|
| 001 | 54336 | ||
| 005 | 20260407155815.0 | ||
| 008 | 260407a1979 arg spa d | ||
| 003 | AR-UNSa-BCEJYS | ||
| 040 |
_aAR-UNSa-BCEJYS _bspa _cAR-UNSa-BCEJYS |
||
| 080 |
_a330.101 _xCiencia económica en general. La economía y sus problemas. Objeto y métodos de la economía política |
||
| 245 | 1 | 0 | _aEconomía y sociedad |
| 264 | 1 |
_aMéxico : _bEl Ateneo _c1979 |
|
| 300 |
_axi, 315 p. _c23 cm. |
||
| 505 | _aPrimera Parte: LA POTENCIA EN LA ECONOMIA: 1. La económica y la sociedad contemporánea – 2. El enfoque económico de los problemas sociales – 3. La economía política de la opulencia – 4. La política social de una sociedad opulenta - - Segunda Parte: LA REVOLUCION KEYNESIANA, PARA BIEN O PARA MAL: 5. La “teoría general” después de veinticinco años – 6. Keynes y la economía británica – 7. La revolución keynesiana y la contrarrevolución monetarista – 8. Cambridge en la década del cincuenta - - Tercera Parte: LA ECONOMIA Y LAS UNIVERSIDADES: 9. Los estilos nacionales en la investigación económica: Estados Unidos, el reino unido y diversos países europeos – 10. Los académicos como adversarios públicos: el caso de la economía – 11. La universidad y el bienestar social – 12. Factores políticos e ideológicos que influyen sobre la economía contemporánea - - Cuarta Parte: LA ECONOMIA Y LOS PROBLEMAS CONTEMPORANEOS: INFLACION Y DESIGUALDAD: 13. El problema de la inflación – 14. Algunas observaciones microeconómicas acerca de las desigualdades del ingreso y la riqueza – 15. La desigualdad de la distribución del ingreso y del problema de la pobreza - - Quinta Parte: LA ECONOMIA Y LOS PROBLEMAS CONTEMPORANEOS: LA INFLACION MUNDIAL, EL DINERO, EL COMERCIO, EL CRECIMIENTO Y LA INVERSION: 16. La inflación mundial: enfoque monetarista – 17. Aspecto de economía política de la reforma monetaria internacional – 18. El mercantilismo: pasado, presente y futuro – 19. El problema del desarrollo económico – 20. Inversión. Extranjera directa: reseña de los problemas - - Sexta Parte: LA ECONOMIA Y EL AMBIENTE: 21. El hombre y su ambiente. | ||
| 041 | _aspa | ||
| 942 | _cBK | ||
| 590 | _aniveau_biblio:m niveau_hierar:0 | ||
| 100 | 1 | _aJohnson, Harry G. | |
| 999 |
_c5499 _d5499 |
||